000 00472nam a2200181Ia 4500
005 20250326144811.0
008 250326s9999 xx 000 0 und d
020 _a0-333-77749-2
037 _aTextbook
040 _aFMSL
_beng
_cFMSL
041 _aeng
_2eng
084 _aX:51 P0
_qFMSL
245 0 _aMarketing Management
260 _aLondon
_bLondon, Macmillan Press
_c2002
300 _axviii,295
942 _cTB
_hX:51 P0
999 _c1305115
_d1305115